Premier League Top Goalscorers 2012-13 - Statistics

General Stats
  • This quiz has been taken 396 times
  • The average score is 11 of 20
Answer Stats
Hint Answer % Correct
Manchester United (26 Goals) Robin Van Persie
96%
Newcastle United (13) Demba Ba
95%
Liverpool (23) Luis Suarez
95%
Tottenham (21) Gareth Bale
79%
Swansea City (18) Michu
74%
Chelsea (15) Frank Lampard
71%
West Brom (17) Romelu Lukaku
71%
Aston Villa (19) Chris Benteke
70%
Arsenal (14) Theo Walcott
65%
Manchester City (14) Edin Dzeko
64%
Southampton (15) Rickie Lambert
55%
Fulham (15) Dimitar Berbatov
53%
Norwich City (8) Grant Holt
38%
Reading (12) Adam Le Fondre
35%
Wigan Athletic (11) Arouna Kone
35%
Stoke City (8) Jonathan Walters
33%
West Ham United (10) Kevin Nolan
33%
QPR (6) Loic Remy
33%
Sunderland (11) Steven Fletcher
29%
Everton (11) Marouane Fallaini
26%
No matching quizzes found
Score Distribution
Percent of People with Each Score
Percentile by Number Answered
Your Score History
You have not taken this quiz